<?xml version="1.0" encoding="UTF-8"?><OAI-PMH xmlns="http://www.openarchives.org/OAI/2.0/" xmlns:xsi="http://www.w3.org/2001/XMLSchema-instance"     xsi:schemaLocation="http://www.openarchives.org/OAI/2.0/ http://www.openarchives.org/OAI/2.0/OAI-PMH.xsd"><responseDate>2026-05-15T00:38:28Z</responseDate><request verb="GetRecord" identifier="oai:regmurcia.com:fintegr.263" metadataPrefix="marc21">http://oai.regmurcia.com/oai2/oai2.php</request><GetRecord><record><header><identifier>oai:regmurcia.com:fintegr.263</identifier><datestamp>2026-05-15</datestamp><setSpec>documentos</setSpec></header><metadata><record  xmlns="http://www.loc.gov/MARC21/slim" xmlns:xsi="http://www.w3.org/2001/XMLSchema-instance" xsi:schemaLocation="http://www.loc.gov/MARC21/slim http://www.loc.gov/standards/marcxml/schema/MARC21slim.xsd" type="Bibliographic"><leader>00000nam a2200000   4500</leader><controlfield tag="001" >005070334</controlfield><controlfield tag="003" >263</controlfield><controlfield tag="004" >A00000000</controlfield><datafield tag="245" ind1=" " ind2=" "><subfield code="a">Cédula de Enrique IV al corregidor de Murcia Diego López Portocarrero, comunicando que ha firmado una tregua con el rey de Granada y mandando que se respete en todo el reino de Murcia</subfield></datafield><datafield tag="300" ind1=" " ind2=" "><subfield code="c">149 x 210 mm.</subfield></datafield><datafield tag="351" ind1=" " ind2=" "><subfield code="a">Unidad Documental</subfield><subfield code="c">Archivo de Murcia. Array</subfield><subfield code="a">Unidad Documental</subfield><subfield code="c">Archivo de Murcia. Array</subfield></datafield><datafield tag="351" ind1=" " ind2=" "><subfield code="b">Nº 130</subfield></datafield><datafield tag="505" ind1=" " ind2=" "><subfield code="a">/codom/18/067.pdf</subfield></datafield><datafield tag="506" ind1=" " ind2=" "><subfield code="a">Acceso restringido</subfield></datafield><datafield tag="510" ind1=" " ind2=" "><subfield code="a">Pub. MOLINA GRANDE, Mª C. Documentos de Enrique IV. Murcia: . Academia Alfonso X El Sabio, 1988, p.147-149. TORRES FONTES, JUAN. Estudio sobre la &quot;Crónica de Enrique IV&quot; del Dr. Galíndez de Carvajal. Madrid: CSIC, 1946, p.474</subfield></datafield><datafield tag="520" ind1=" " ind2=" "><subfield code="a">Enrique IV comunica a Diego López Portocarrero, corregidor de Murcia, que ha firmado una tregua con el rey de Granada por cinco meses, que comenzará  el día uno de octubre. Manda que la tregua se respete en todo el reino de Murcia.</subfield></datafield><datafield tag="583" ind1=" " ind2=" "><subfield code="u">http://www.regmurcia.com/servlet/s.Sl?METHOD=VERDOCUMENTO&amp;sit=serv,Carmesi&amp;n=/01/860/indice.djvu</subfield></datafield><datafield tag="592" ind1=" " ind2=" "><subfield code="a">1457-10-16</subfield></datafield><datafield tag="592" ind1=" " ind2=" "><subfield code="d">1457-10-16 00:00:00</subfield></datafield><datafield tag="651" ind1=" " ind2=" "><subfield code="a">Jaén</subfield></datafield><datafield tag="786" ind1=" " ind2=" "><subfield code="o">http://www.regmurcia.com/servlet/s.Sl?METHOD=VERDOCUMENTO&amp;sit=serv,Carmesi&amp;n=/01/860/indice.djvu</subfield></datafield><datafield tag="856" ind1=" " ind2=" "><subfield code="u">http://www.regmurcia.com/servlet/s.Sl?METHOD=DETALLE&amp;sit=c,373,m,139,serv,Carmesi&amp;id=263</subfield></datafield></record></metadata></record></GetRecord></OAI-PMH>
